000 00646cam a2200217 4500
001 B774
008 090401t1983 xxu||||| |||| 00| 0 eng d
035 _a(Sirsi) u37812
041 _aeng
050 _a692.8
100 _aPowell-Smith, Vincent
245 2 _aA Contract Journal contractor`s guide to the JCT Standard Form of Building Contract 1980 Edition
250 _a6th ed.
260 _aSutton,Surrey
_bAgriculture and Construction Press
_c1983
300 _a51p. ; 30cm.
350 _a9
650 _aBUILT ENVIRONMENT-BUILDING CONTRACT FORMS
650 _aJCT STANDARD FORM OF CONTRACT 1980
942 _n0
948 _c04/03/1997
999 _c90555
_d90555